Elementary Differential Equations / (Record no. 181476)
[ view plain ]
| 000 -LEADER | |
|---|---|
| fixed length control field | 01268 a2200217 4500 |
| 003 - CONTROL NUMBER IDENTIFIER | |
| control field | Nust |
| 005 - DATE AND TIME OF LATEST TRANSACTION | |
| control field | 20221121113550.0 |
| 010 ## - LIBRARY OF CONGRESS CONTROL NUMBER | |
| LC control number | 6910274 |
| 040 ## - CATALOGING SOURCE | |
| Transcribing agency | Nust |
| 082 ## - DEWEY DECIMAL CLASSIFICATION NUMBER | |
| Classification number | 515.35,REI |
| 100 ## - MAIN ENTRY--PERSONAL NAME | |
| Personal name | Earl D. Rainville |
| 9 (RLIN) | 103249 |
| 110 ## - MAIN ENTRY--CORPORATE NAME | |
| Corporate name or jurisdiction name as entry element | Phillip E.Bedient |
| 9 (RLIN) | 103250 |
| 245 ## - TITLE STATEMENT | |
| Title | Elementary Differential Equations / |
| Statement of responsibility, etc. | Earl D. Rainville |
| 250 ## - EDITION STATEMENT | |
| Edition statement | 4th ed. |
| 260 ## - PUBLICATION, DISTRIBUTION, ETC. | |
| Place of publication, distribution, etc. | New york |
| Name of publisher, distributor, etc. | Macmillan Comp |
| Date of publication, distribution, etc. | 1969 |
| 300 ## - PHYSICAL DESCRIPTION | |
| Extent | 466p |
| 505 ## - FORMATTED CONTENTS NOTE | |
| Formatted contents note | Definitions, Elimination Of Arbitrary Constants (Page-1), Equations Of Order One (Page-16), Elementary Applications (Page-44), Linear Differential Equations (Page-82), Linear Equations With Constant Coefficients (Page-97), Non-Homogenious Equations (Page-110), Variations Of Parameters (Page-126), Inverse Differential Operators (Page-139), The Laplace Transform (Page-148), Applications (Page-201), System Of Equations (Page-222), Electric Circuits And Networks (Page-231), Nonlinear Equations (Page-252), The Power Series Method (Page-275), Numerical Methods (Page-343), Partial Differential Equations (Page-358), Orthogonal Sets (Page-372), Fourier Series (Page-380), Boundary Value Problems (Page-406). |
| 600 ## - SUBJECT ADDED ENTRY--PERSONAL NAME | |
| Personal name | Earl D. Rainville |
| 9 (RLIN) | 103249 |
| 650 ## - SUBJECT ADDED ENTRY--TOPICAL TERM | |
| Topical term or geographic name entry element | Differential Equations |
| 9 (RLIN) | 688 |
| 942 ## - ADDED ENTRY ELEMENTS (KOHA) | |
| Source of classification or shelving scheme | |
| Koha item type | Book |
| Call number prefix | 515.35,REI |
| Withdrawn status | Lost status | Source of classification or shelving scheme | Damaged status | Not for loan | Permanent Location | Current Location | Shelving location | Date acquired | Full call number | Barcode | Date last seen | Price effective from | Koha item type | Public note |
|---|---|---|---|---|---|---|---|---|---|---|---|---|---|---|
| Military College of Signals (MCS) | Military College of Signals (MCS) | General Stacks | 12/12/2016 | 515.35,REI | MCS97 | 12/08/2016 | 12/12/2016 | Book | Almirah No.13, Shelf No. 4 |
